[Event "Skelleftea"]
[Site "?"]
[Date "1989.??.??"]
[Round "?"]
[White "Short, N."]
[Black "Kasparov, Garry"]
[Result "0-1"]
[WhiteElo "2660"]
[BlackElo "2775"]
[PlyCount "90"]
[EventDate "1989.??.??"]
[Source "ChessBase"]
[SourceDate "1989.07.01"]

1. d4 Nf6 2. Nf3 c6 3. Bf4 d6 4. h3 Qb6 5. b3 c5 6. dxc5 Qxc5 7. c4 g6 8. Nc3 Bg7 9. Rc1 Bf5 10. Be3 Qa5 11. Bd2 Qd8 12. Nd4 Be4 13. e3 Nc6 14. Nde2 Bd3 15. Nf4 Bxf1 16. Kxf1 O-O 17. g3 e6 18. Kg2 d5 19. cxd5 exd5 20. Qf3 d4 21. Ncd5 Nxd5 22. Qxd5 Qe7 23. Rhe1 Rad8 24. Qc5 Qd7 25. e4 Ne5 26. Red1 b6 27. Qc7 Qb5 28. Qxa7 g5 29. Qa4 Qxa4 30. bxa4 gxf4 31. gxf4 Nd3 32. Rc6 Nb2 33. Rb1 Nxa4 34. f5 Rfe8 35. f3 Ra8 36. Kh1 Nc5 37. Rg1 Kh8 38. Rc7 Rf8 39. Bf4 Rac8 40. Re7 Rce8 41. Rc7 Nd3 42. Bd6 Rg8 43. Rxf7 Be5 44. Rxg8+ Rxg8 45. Rd7 Nf2# 0-1

[Event "Linares it (cat.18)"]
[Site "?"]
[Date "1994.??.??"]
[Round "?"]
[White "Anand, Viswanathan"]
[Black "Beliavsky, Alexander G"]
[Result "1-0"]
[WhiteElo "2715"]
[BlackElo "2650"]
[PlyCount "62"]
[EventDate "1994.??.??"]
[Source "www.chesslib.no"]
[SourceDate "2004.05.04"]

1. d4 Nf6 2. Nf3 e6 3. g3 c5 4. Bg2 Nc6 5. O-O cxd4 6. Nxd4 Qb6 7. Nb3 d6 8. c4 Ne5 9. Na3 a6 10. Bd2 Nc6 11. Rc1 Be7 12. c5 dxc5 13. Nc4 Qc7 14. Bxc6+ Qxc6 15. Nba5 Qe4 16. Nb6 Rb8 17. Nac4 Bd7 18. f3 Qc6 19. Bc3 Rd8 20. e4 O-O 21. Qb3 Bc8 22. a4 Nd7 23. Nxc8 Qxc8 24. Ba5 Rde8 25. Rfd1 Qc6 26. Bb6 f5 27. e5 Nxb6 28. Qxb6 Qxf3 29. Qxe6+ Kh8 30. Qd5 Qg4 31. Qxb7 f4 1-0

[Event "EUCup 16th"]
[Site "?"]
[Date "2000.09.30"]
[Round "7.2"]
[White "Krasenkow Michal"]
[Black "Georgiev Kiril"]
[Result "1/2-1/2"]
[WhiteElo "2702"]
[BlackElo "2661"]
[PlyCount "54"]
[EventDate "2000.??.??"]
[Source "www.chesslib.no"]
[SourceDate "2004.05.04"]

1. d4 Nf6 2. Nf3 e6 3. g3 b5 4. Qd3 a6 5. Bg5 Be7 6. e4 Bb7 7. Nbd2 d6 8. Bg2 Nbd7 9. O-O O-O 10. a4 Bc6 11. Qe2 Re8 12. axb5 axb5 13. d5 exd5 14. Nd4 Bb7 15. Qxb5 Qc8 16. Bxf6 Nxf6 17. Qd3 dxe4 18. Nxe4 d5 19. Nxf6+ Bxf6 20. b4 c5 21. Rxa8 Bxa8 22. bxc5 Qxc5 23. Rd1 g6 24. Qb5 Rc8 25. Qxc5 Rxc5 26. Ne2 Rxc2 27. Nf4 Bc6 1/2-1/2

[Event "Amber-blind 3rd"]
[Site "Monte Carlo"]
[Date "1994.??.??"]
[Round "9"]
[White "Karpov, Anatoly"]
[Black "Ljubojevic, Ljubomir"]
[Result "1-0"]
[WhiteElo "2740"]
[BlackElo "2600"]
[PlyCount "99"]
[EventDate "1994.03.??"]
[Source "ChessBase"]

1. d4 Nf6 2. Nf3 b5 3. Bg5 Bb7 4. Nbd2 a6 5. a4 d6 6. Bxf6 gxf6 7. axb5 axb5 8. Rxa8 Bxa8 9. e4 c6 10. Bd3 Nd7 11. O-O e6 12. Qa1 Be7 13. Qa7 O-O 14. Ra1 Qc8 15. d5 Re8 16. dxc6 Bxc6 17. Nd4 Ne5 18. N2b3 Bd7 19. Bf1 Bf8 20. c3 Nc4 21. Na5 d5 22. exd5 exd5 23. b4 Bd6 24. Nxc4 dxc4 25. g3 Be5 26. Bg2 Rd8 27. Qb6 Qb8 28. Qc5 Be8 29. Ra8 Qxa8 30. Bxa8 Rxa8 31. Kg2 Bxd4 32. cxd4 Rd8 33. d5 c3 34. Qxc3 Rxd5 35. Qxf6 Bd7 36. h3 h5 37. Qf4 Be6 38. g4 hxg4 39. hxg4 Kg7 40. Kg3 Rd3+ 41. Kh4 Rd5 42. Qe4 Kg8 43. f4 Rd2 44. f5 Bc4 45. Qe5 Rd5 46. Qf6 Rd1 47. Qe7 Kh7 48. Kg5 Rd3 49. Qf8 Rd1 50. Kf6 1-0

[Event "Beograd"]
[Site "?"]
[Date "1995.??.??"]
[Round "?"]
[White "Ivanchuk, V."]
[Black "Timman, J."]
[Result "1/2-1/2"]
[WhiteElo "2740"]
[BlackElo "2590"]
[PlyCount "37"]
[EventDate "1995.??.??"]
[Source "ChessBase"]
[SourceDate "1995.10.01"]

1. d4 Nf6 2. Nf3 e6 3. g3 b5 4. Bg2 Bb7 5. Bg5 Be7 6. c3 c5 7. O-O Na6 8. e3 O-O 9. Nbd2 h6 10. Bxf6 Bxf6 11. Qe2 Qb6 12. a4 b4 13. Rfc1 d5 14. a5 Qd6 15. e4 dxe4 16. Nxe4 Bxe4 17. Qxe4 bxc3 18. bxc3 Rac8 19. Ne5 1/2-1/2

[Event "Campionato europeo 2007"]
[Site "Dresda GER"]
[Date "2007.04.13"]
[Round "10.14"]
[White "Georgiev, Kiril"]
[Black "Khairullin, Ildar"]
[Result "1/2-1/2"]
[WhiteElo "2660"]
[BlackElo "2586"]
[PlyCount "75"]
[EventDate "2007.04.03"]
[Source "www.chesslib.no"]
[SourceDate "2004.05.04"]

1. d4 Nf6 2. Nf3 e6 3. g3 b5 4. Bg2 Bb7 5. O-O Be7 6. Bg5 d5 7. c3 Nbd7 8. Qb3 a6 9. a4 c5 10. Nbd2 Bc6 11. axb5 Bxb5 12. Rfe1 O-O 13. e3 h6 14. Bxf6 Bxf6 15. Bf1 Rb8 16. Qc2 Qc7 17. Ra2 Rb6 18. Rea1 Rfb8 19. Bxb5 axb5 20. b4 cxb4 21. cxb4 Rc6 22. Qb1 Qd6 23. Ra8 Be7 24. Rxb8+ Nxb8 25. Ne5 Ra6 26. Nd3 Rxa1 27. Qxa1 Na6 28. Qa5 Nxb4 29. Nc5 Nc6 30. Qxb5 Qc7 31. Nd3 g6 32. Kg2 Kg7 33. h4 Bd6 34. Nb3 Ne7 35. Nbc5 Nf5 36. Qd7 Qxd7 37. Nxd7 h5 38. Kf3 1/2-1/2

[Event "Munich"]
[Site "Munich"]
[Date "1993.??.??"]
[Round "10"]
[White "Huebner, Robert"]
[Black "Hjartarson, Johann"]
[Result "1-0"]
[WhiteElo "2620"]
[BlackElo "2625"]
[PlyCount "71"]
[EventDate "1993.05.??"]
[Source "ChessBase"]

1. d4 Nf6 2. Nf3 e6 3. g3 b6 4. Bg2 Bb7 5. O-O c5 6. dxc5 Bxc5 7. c4 Be7 8. Nc3 d6 9. Bf4 O-O 10. Nb5 Ne8 11. Qc2 Nc6 12. Rfd1 a6 13. Nc3 Rc8 14. Qd2 Nb8 15. b3 Nd7 16. Rac1 h6 17. Ne1 Bxg2 18. Kxg2 Qc7 19. f3 Qb7 20. Ne4 Nc5 21. Nxc5 Rxc5 22. Nd3 Rc8 23. Nf2 Rd8 24. Ne4 f5 25. Nc3 Nf6 26. Qd3 Ng4 27. e4 fxe4 28. Nxe4 g5 29. h3 gxf4 30. hxg4 fxg3 31. Rh1 d5 32. Nxg3 Bf6 33. Rxh6 dxc4 34. Qg6+ Bg7 35. Ne4 Rf4 36. Rch1 1-0

[Event "SSSR"]
[Site "SSSR"]
[Date "1984.??.??"]
[Round "?"]
[White "Tal, Mikhail N"]
[Black "Polugaevsky, Lev A"]
[Result "1/2-1/2"]
[WhiteElo "2620"]
[BlackElo "2615"]
[PlyCount "41"]
[EventDate "1984.??.??"]
[Source "www.chesslib.no"]
[SourceDate "2004.05.04"]

1. d4 Nf6 2. Nf3 e6 3. g3 b5 4. Bg5 Bb7 5. Bg2 c5 6. O-O Na6 7. Nbd2 Be7 8. e3 O-O 9. Qe2 cxd4 10. Nxd4 Bxg2 11. Kxg2 Nc7 12. e4 h6 13. Bf4 d6 14. Nxb5 e5 15. Be3 Nxb5 16. Qxb5 Rb8 17. Qd3 Rxb2 18. Nb3 Qc8 19. c4 Qa6 20. Qc3 Rxa2 21. Rxa2 1/2-1/2

[Event "Groningen PCA"]
[Site "Groningen"]
[Date "1993.??.??"]
[Round "8"]
[White "Kortschnoj, Viktor"]
[Black "Polugaevsky, Lev"]
[Result "1/2-1/2"]
[WhiteElo "2625"]
[BlackElo "2605"]
[PlyCount "110"]
[EventDate "1993.12.??"]
[Source "ChessBase"]

1. d4 Nf6 2. Nf3 e6 3. g3 b5 4. Bg2 Bb7 5. O-O d6 6. Na3 a6 7. c4 c6 8. Re1 d5 9. c5 Nbd7 10. Nc2 a5 11. a3 Be7 12. b4 O-O 13. Bb2 Ne4 14. Nd2 Nxd2 15. Qxd2 a4 16. e4 dxe4 17. Rxe4 Nf6 18. Re2 Nd5 19. Ne1 Bc8 20. Nd3 Re8 21. Rae1 Ra7 22. h4 Bf8 23. Ne5 Rc7 24. Qc2 f6 25. Nf3 g6 26. Nd2 Rg7 27. Ne4 h6 28. Nc3 Bd7 29. Bf3 g5 30. hxg5 hxg5 31. Bh5 Ree7 32. Bc1 Be8 33. Bxe8 Qxe8 34. Nxd5 exd5 35. Rxe7 Rxe7 36. Rxe7 Qxe7 37. Qg6+ Bg7 38. Be3 Qd7 39. f3 Kf8 40. g4 Qe6 41. Bf2 Qe8 42. Qf5 Kf7 43. Kf1 Bf8 44. Bg3 Qe6 45. Qh7+ Ke8 46. Kf2 Be7 47. Qh8+ Kf7 48. Qh5+ Kf8 49. Qg6 Bd8 50. Bd6+ Be7 51. Bb8 Qd7 52. Qh6+ Kf7 53. Qh5+ Kg7 54. Bg3 Bf8 55. f4 Qf7 1/2-1/2

[Event "ARM-ch"]
[Site "Yerevan"]
[Date "1999.10.16"]
[Round "1"]
[White "Lputian, Smbat G"]
[Black "Minasian, Artashes"]
[Result "0-1"]
[WhiteElo "2625"]
[BlackElo "2600"]
[PlyCount "84"]
[EventDate "1999.10.16"]
[Source "ChessBase"]
[SourceDate "2000.02.01"]

1. d4 Nf6 2. Nf3 e6 3. g3 b5 4. Bg2 Bb7 5. O-O c5 6. a4 b4 7. c4 bxc3 8. Nxc3 cxd4 9. Nxd4 Bxg2 10. Kxg2 d5 11. Bf4 a6 12. Rc1 Nbd7 13. b4 Bxb4 14. Nc6 Qb6 15. Qb3 Qxc6 16. Nb5 Bc5 17. Nc7+ Ke7 18. Nxa8 Rxa8 19. Rc2 d4+ 20. Kg1 Qd5 21. Rb1 Qxb3 22. Rxb3 Nd5 23. Bd2 Kd6 24. Rb7 Rc8 25. Ba5 Rc6 26. Rcb2 e5 27. Bd2 Rb6 28. a5 Rxb7 29. Rxb7 Nc3 30. Rb3 Nxe2+ 31. Kf1 Nc3 32. Bxc3 dxc3 33. Rxc3 e4 34. Ke2 f5 35. h3 g5 36. Rc1 Ne5 37. Rd1+ Kc6 38. Rd8 f4 39. gxf4 gxf4 40. Ra8 f3+ 41. Kf1 Kb5 42. Re8 Nc4 0-1

[Event "Zapas"]
[Site "?"]
[Date "1997.??.??"]
[Round "?"]
[White "Ftacnik Lubomir"]
[Black "Hracek Zbynek"]
[Result "1/2-1/2"]
[WhiteElo "2595"]
[BlackElo "2630"]
[PlyCount "49"]
[EventDate "1997.??.??"]
[Source "www.chesslib.no"]
[SourceDate "2004.05.04"]

1. d4 Nf6 2. Nf3 e6 3. g3 c5 4. Bg2 Nc6 5. O-O cxd4 6. Nxd4 Bc5 7. Nb3 Be7 8. c4 b6 9. Nc3 Ba6 10. Nb5 O-O 11. Bf4 d5 12. Rc1 Rc8 13. a4 Nb4 14. cxd5 Nfxd5 15. Bd2 Rxc1 16. Nxc1 Qd7 17. Bxb4 Bxb4 18. e4 Nf6 19. Qxd7 Nxd7 20. Nd3 Bxb5 21. axb5 Bd6 22. Rd1 Ne5 23. Nxe5 Bxe5 24. b3 g5 25. Bf1 1/2-1/2

[Event "YUG Cup"]
[Site "?"]
[Date "1997.??.??"]
[Round "?"]
[White "Georgiev Kiril"]
[Black "Sakaev Konstantin"]
[Result "1/2-1/2"]
[WhiteElo "2645"]
[BlackElo "2580"]
[PlyCount "41"]
[EventDate "1997.??.??"]
[Source "www.chesslib.no"]
[SourceDate "2004.05.04"]

1. d4 Nf6 2. Nf3 e6 3. g3 d5 4. Bg2 b5 5. c3 Bb7 6. Qb3 a6 7. a4 c6 8. Bg5 Nbd7 9. Nbd2 Be7 10. O-O O-O 11. Rfe1 h6 12. Bxf6 Nxf6 13. Ne5 Qc7 14. e4 bxa4 15. Rxa4 c5 16. exd5 exd5 17. Nf1 Rab8 18. Qd1 cxd4 19. cxd4 Bd6 20. Ne3 Rfe8 21. Nf3 1/2-1/2

[Event "Europa ch 2008"]
[Site "Plovdiv BUL"]
[Date "2008.04.27"]
[Round "7.46"]
[White "Belov, Vladimir"]
[Black "Moiseenko, Alexander"]
[Result "0-1"]
[WhiteElo "2571"]
[BlackElo "2650"]
[PlyCount "80"]
[EventDate "2008.04.21"]
[Source "www.chesslib.no"]
[SourceDate "2004.05.04"]

1. d4 Nf6 2. Nf3 e6 3. g3 b5 4. Bg2 Bb7 5. O-O c5 6. c3 cxd4 7. cxd4 Be7 8. Bg5 O-O 9. Qd3 d5 10. Nbd2 Qb6 11. Nb3 h6 12. Bxf6 Bxf6 13. Nc5 b4 14. h4 Bc6 15. Qe3 Nd7 16. Nxd7 Bxd7 17. g4 e5 18. g5 exd4 19. Qf4 hxg5 20. hxg5 Be7 21. Rad1 Rae8 22. Rxd4 Bd6 23. Qd2 Bc5 24. Rh4 Bf5 25. Qf4 Rxe2 26. Qxf5 Bxf2+ 27. Kh1 Bxh4 28. Nxh4 g6 29. Qf4 Qe6 30. Nf3 Qe4 31. Qg3 Rxb2 32. Nh2 Qd4 33. Ng4 Kg7 34. Qh2 Rh8 35. Nh6 Rf2 36. Rxf2 Qxf2 37. Qe5+ Kh7 38. Qxd5 Re8 39. Nxf7 Re1+ 40. Kh2 Qh4+ 0-1

[Event "Rehhag cup"]
[Site "?"]
[Date "1996.??.??"]
[Round "3"]
[White "Kengis Edvins"]
[Black "Almasi Zoltan"]
[Result "1/2-1/2"]
[WhiteElo "2570"]
[BlackElo "2650"]
[PlyCount "38"]
[EventDate "1996.??.??"]
[Source "www.chesslib.no"]
[SourceDate "2004.05.04"]

1. d4 Nf6 2. Nf3 e6 3. g3 Bd6 4. Bg2 Nd5 5. c4 Qf6 6. O-O Kd8 7. Re1 Ne7 8. Qc2 Ng8 9. Nc3 c6 10. Bf4 Qxf4 11. Rac1 Ba3 12. Ne4 a6 13. c5 Ke7 14. Kh1 Kd8 15. bxa3 f6 16. Ned2 Qh4 17. d5 b6 18. Qd3 Ke8 19. Ne5 bxc5 1/2-1/2

[Event "MK Cafe Cup-A"]
[Site "Koszalin"]
[Date "1999.08.12"]
[Round "9"]
[White "Kharitonov, Andrei Y"]
[Black "Epishin, Vladimir"]
[Result "1/2-1/2"]
[WhiteElo "2559"]
[BlackElo "2657"]
[PlyCount "25"]
[EventDate "1999.08.03"]
[Source "ChessBase"]
[SourceDate "1999.12.01"]

1. d4 Nf6 2. Nf3 e6 3. g3 b5 4. Bg2 Be7 5. O-O O-O 6. c3 d5 7. a4 b4 8. cxb4 Bxb4 9. Bd2 c5 10. Bxb4 cxb4 11. Nbd2 Nbd7 12. e3 a5 13. Qb3 1/2-1/2

[Event "IBM"]
[Site "Amsterdam"]
[Date "1978.??.??"]
[Round "13"]
[White "Romanishin, Oleg M"]
[Black "Ljubojevic, Ljubomir"]
[Result "1-0"]
[WhiteElo "2610"]
[BlackElo "2605"]
[PlyCount "159"]
[EventDate "1978.07.??"]
[Source "ChessBase"]

1. d4 Nf6 2. Nf3 c5 3. dxc5 Na6 4. g3 Nxc5 5. Bg2 g6 6. O-O Bg7 7. Be3 Qc7 8. c4 b6 9. Nc3 Bb7 10. Rc1 O-O 11. Bd4 Rac8 12. Nd5 Bxd5 13. cxd5 Qb7 14. Nd2 Qa6 15. Bf3 Ne8 16. Bxg7 Nxg7 17. b4 Na4 18. d6 Rxc1 19. Qxc1 exd6 20. Ne4 Ne8 21. Rd1 Qb5 22. Rd4 d5 23. Ng5 Nf6 24. Rf4 h6 25. Rxf6 hxg5 26. Qxg5 Nc3 27. Qe5 Qxb4 28. Rf4 Qc5 29. h4 Ne4 30. Bxe4 dxe4 31. Qxe4 Kg7 32. Qd3 Qe5 33. a4 Re8 34. e3 d6 35. Rd4 Re6 36. Qa6 Re7 37. Qc4 Qc5 38. Qd3 Re6 39. Rc4 Qe5 40. Rd4 Qc5 41. Rd5 Qb4 42. Qd1 Re4 43. a5 Re5 44. axb6 axb6 45. Rxd6 b5 46. Rd8 Rc5 47. Rb8 Qe4 48. Qa1+ Qe5 49. Qxe5+ Rxe5 50. Rb6 Rc5 51. Kg2 Kf8 52. e4 Ke7 53. Kf3 Kd7 54. Ke3 Rc3+ 55. Kf4 Rc5 56. Rf6 Ke7 57. Ra6 Rc2 58. f3 Rc5 59. g4 f6 60. Ra7+ Kf8 61. Rd7 g5+ 62. hxg5 Rxg5 63. Rc7 Re5 64. Ke3 Re6 65. Rb7 Re5 66. Kd4 Rg5 67. Rc7 b4 68. Kc4 Ra5 69. Kxb4 Ra1 70. Rc3 Ke7 71. Kc4 Rd1 72. Rd3 Re1 73. Kd4 Kf7 74. Ra3 Kg6 75. Ra5 Re2 76. Kd3 Re1 77. Kd2 Rb1 78. Ke3 Rb3+ 79. Kf4 Rb1 80. g5 1-0

[Event "Yerevan (ol)"]
[Site "?"]
[Date "1996.??.??"]
[Round "?"]
[White "Ftacnik, L."]
[Black "Krasenkow, M."]
[Result "1/2-1/2"]
[WhiteElo "2610"]
[BlackElo "2605"]
[PlyCount "161"]
[EventDate "1996.??.??"]
[Source "ChessBase"]
[SourceDate "1996.06.01"]

1. d4 Nf6 2. Nf3 b5 3. e3 b4 4. a3 e6 5. axb4 Bxb4+ 6. c3 Be7 7. Bd3 Bb7 8. Nbd2 c5 9. O-O O-O 10. dxc5 Bxc5 11. b4 Be7 12. e4 d6 13. Qc2 a5 14. Bb2 Nbd7 15. Nb3 axb4 16. cxb4 Rc8 17. Qb1 d5 18. Na5 Ba8 19. exd5 Bxd5 20. Ng5 g6 21. b5 Nc5 22. Be2 Nce4 23. Nxe4 Nxe4 24. Qd3 Bc5 25. Bd4 Bxd4 26. Qxd4 Nc3 27. Qe3 Nxe2+ 28. Qxe2 Qg5 29. f3 Rc5 30. Rfe1 Rc3 31. Qe5 Qxe5 32. Rxe5 Rb8 33. Nc6 Bxc6 34. bxc6 Rb2 35. Kf1 Rcc2 36. c7 Kg7 37. c8=Q Rxc8 38. Re2 Rxe2 39. Kxe2 Rc2+ 40. Kf1 g5 41. Ra4 Kg6 42. h4 h5 43. hxg5 Kxg5 44. g3 Rd2 45. Ra7 f6 46. Rg7+ Kh6 47. Rg8 e5 48. Rh8+ Kg6 49. Rg8+ Kh7 50. Re8 Kg7 51. Kg1 h4 52. gxh4 Rd4 53. Kg2 Rxh4 54. Ra8 Rd4 55. Ra6 Kg6 56. Kg3 Kf7 57. Kf2 Ke7 58. Ke3 Rf4 59. Kf2 Rd4 60. Ke3 f5 61. Ke2 Rd6 62. Ra5 Kf6 63. Ke3 Rb6 64. Ke2 Rb2+ 65. Kf1 Rc2 66. Ke1 f4 67. Kf1 Kg5 68. Rxe5+ Kh4 69. Ra5 Kg3 70. Ra8 Rc3 71. Ra2 Rc1+ 72. Ke2 Rb1 73. Ra8 Rb2+ 74. Kf1 Rb3 75. Rh8 Rxf3+ 76. Kg1 Ra3 77. Rg8+ Kf3 78. Rf8 Ra1+ 79. Kh2 Rf1 80. Ra8 Re1 81. Rf8 1/2-1/2

[Event "ADCF Masters"]
[Site "Abu Dhabi"]
[Date "2003.08.22"]
[Round "6"]
[White "Vladimirov, Evgeny"]
[Black "Sargissian, Gabriel"]
[Result "1/2-1/2"]
[WhiteElo "2606"]
[BlackElo "2600"]
[PlyCount "41"]
[EventDate "2003.08.16"]
[Source "Roberto Alvarez"]
[SourceDate "2003.09.01"]

1. d4 Nf6 2. Nf3 e6 3. g3 b5 4. Bg2 Bb7 5. O-O c5 6. c3 d5 7. Bg5 Nbd7 8. Nbd2 Be7 9. a4 bxa4 10. Qxa4 O-O 11. Nb3 Nb6 12. Qa2 Ne4 13. Na5 Nxg5 14. Nxb7 Nxf3+ 15. Bxf3 Qc7 16. Nxc5 Bxc5 17. dxc5 Qxc5 18. e4 d4 19. cxd4 Qxd4 20. Rfd1 Qe5 21. Rac1 1/2-1/2

[Event "Open"]
[Site "Calcutta"]
[Date "2004.11.10"]
[Round "4"]
[White "Romanishin, Oleg M"]
[Black "Aleksandrov, Aleksej"]
[Result "1/2-1/2"]
[WhiteElo "2543"]
[BlackElo "2659"]
[PlyCount "35"]
[EventDate "2004.11.08"]
[Source "Roberto Alvarez"]
[SourceDate "2004.12.13"]

1. d4 Nf6 2. Nf3 e6 3. g3 b5 4. Bg2 Bb7 5. O-O c5 6. Na3 Qb6 7. dxc5 Bxc5 8. b4 Bxb4 9. Rb1 Nc6 10. c3 Bxa3 11. Bxa3 Na5 12. Bb4 Nc4 13. Nd2 Bxg2 14. Nxc4 bxc4 15. Kxg2 Nd5 16. e4 Nxb4 17. Rxb4 Qc6 18. Qd4 1/2-1/2

[Event "EU-chT (Men)"]
[Site "Pula"]
[Date "1997.??.??"]
[Round "8"]
[White "Kengis, Edvins"]
[Black "Aleksandrov, Aleksej"]
[Result "0-1"]
[WhiteElo "2585"]
[BlackElo "2615"]
[PlyCount "105"]
[EventDate "1997.05.05"]
[Source "ChessBase"]

1. Nf3 Nf6 2. g3 b5 3. Bg2 Bb7 4. d4 e6 5. Bg5 c5 6. Bxf6 Qxf6 7. O-O Qd8 8. c3 Be7 9. dxc5 a5 10. Na3 b4 11. cxb4 axb4 12. Nb5 O-O 13. Nd6 Bd5 14. Ne5 Bxg2 15. Kxg2 Qc7 16. Qd4 Na6 17. Rac1 Nxc5 18. Rfd1 Ra6 19. Nexf7 Rxf7 20. Nxf7 Kxf7 21. Qxb4 Rxa2 22. Kg1 Qe5 23. Rc2 h5 24. Qd4 Qxd4 25. Rxd4 d5 26. Rf4+ Kg6 27. Rf3 Ne4 28. Rb3 Bf6 29. Kg2 Ra6 30. Rb8 Nd6 31. b3 Be5 32. e3 Bf6 33. b4 Nc4 34. e4 Ra1 35. exd5 exd5 36. Rb7 Rd1 37. Rd7 Ne5 38. Rd6 d4 39. b5 Nd3 40. Rc7 Rd2 41. b6 Rxf2+ 42. Kg1 Rb2 43. b7 Kf5 44. Ra6 Ne5 45. Ra2 Rb1+ 46. Kg2 d3 47. Rd2 Ke6 48. h4 Kd6 49. Rc3 Rxb7 50. Kf2 Kd5 51. Rcxd3+ Nxd3+ 52. Rxd3+ Ke4 53. Ra3 0-1